000 00836nam a2200265Ia 4500
003 OSt
005 20220918171139.0
006 a|||||r|||| 00| 0
007 ta
008 220917b |||||||| |||| 00| 0 eng d
020 _a9781402091971 (hbk)
_c10510.31
024 _a240,857
037 _b09-09978, 27/01/2010, Atlantic Publisher & Dist.Pvt.Ltd.
_cTextual
040 _aARTS
_cARTS
_beng
041 _2eng
_aeng
082 _aS:44, P9
100 _aHuber Franz
_934492
245 0 _aDegrees of belief
260 _aKonstanz
_bSpringer Germany
_c2009
300 _ax,354p.
_ccm.
650 _aPSYCHOLOGY
700 _a Schmidt-Petri Christoph
_934493
942 _hS:44, P9
_cTEXL
_2CC
999 _c138102
_d138102